000 00523nam a2200205Ia 4500
003 0100
008 130227s9999 xx 000 0 und d
040 _cARRUPELIB
050 _aBL48.F25 1974
100 _aFallding, Harold
245 4 _aThe Sociology of Religion
245 _bAn Explanation of the Unity and Diversity in Religion
260 _aLondon
260 _bMcGraw-Hill Ryerson Limited
260 _C1974
300 _axii
300 _b 240p. 23cm.
650 _bKnowledge, theory of
942 _2lcc
_01
999 _c6610
_d6610